000 00670cam a22002171 4500
001 45954
090 _a45954
100 _a19931218d1944 m y0pory5003 ba
101 0 _apor
102 _aPT
200 1 _aA linda história de uma família no tempo de Dona Maria I
_fVirgínia de Castro e Almeida
210 9 _aLisboa
_cEdições S.P.N.,
_d1944
215 _a13, [1] p.
_d24 cm
225 2 _aPátria
_v40
675 _a821.134.3-34
700 1 _aAlmeida,
_bVirgínia de Castro e,
_f1874-1945
801 0 _aPT
_bBN
_gRPC
856 4 0 _uhttps://purl.pt/39932
856 4 1 _uhttps://purl.pt/39932/service/media/cover/low
856 4 9 _uhttps://purl.pt/39932/service/media/pdf
990 _cLIVROS